Optimálne umiestnenie skladových a recyklačných centier/zberných miest bakalárska práca

Na minha lista:
Detalhes bibliográficos
Autor principal: Madarászová, Soňa
Autor Corporativo: Fakulta hospodárskej informatiky EU. Katedra operačného výskumu a ekonometrie
Outros Autores: Gežík, Pavel, 1983-
Formato: Livro
Idioma:eslovaco
Publicado em: Bratislava 2010
Tags: Adicionar Tag
Sem tags, seja o primeiro a adicionar uma tag!

MARC

LEADER 00000nbm a2200000 4500
001 0136180
005 20160428114440.2
041 0 |a slo 
044 |a SK 
245 1 0 |a Optimálne umiestnenie skladových a recyklačných centier/zberných miest  |b bakalárska práca  |c Soňa Madarászová ; školiteľ: Pavel Gežík 
264 1 |a Bratislava  |c 2010 
300 |a 45 s. 
100 1 |a Madarászová, Soňa 
700 1 |a Gežík, Pavel, 1983- 
710 2 |a Fakulta hospodárskej informatiky EU. Katedra operačného výskumu a ekonometrie